Science et technique fiscales / (Registro nro. 7566)

Detalles MARC
000 -LEADER
fixed length control field 00828nam a2200217Ia 4500
003 - CONTROL NUMBER IDENTIFIER
control field OSt
005 - DATE AND TIME OF LATEST TRANSACTION
control field 20210413100550.0
008 - FIXED-LENGTH DATA ELEMENTS--GENERAL INFORMATION
fixed length control field 210310s1958 fr gr 000 0 fre d
040 ## - CATALOGING SOURCE
Original cataloging agency CO-JMCR
Transcribing agency CO-JMCR
041 0# - LANGUAGE CODE
Language code of text/sound track or separate title fre
082 04 - DEWEY DECIMAL CLASSIFICATION NUMBER
Classification number 336.2001 /
Item number B268s
Edition number 23
100 1# - MAIN ENTRY--PERSONAL NAME
Personal name Barraine, Rymond,
9 (RLIN) 14801
Dates associated with a name autor
245 10 - TITLE STATEMENT
Title Science et technique fiscales /
Statement of responsibility, etc. Rymond Barraine
260 ## - PUBLICATION, DISTRIBUTION, ETC.
Place of publication, distribution, etc. Paris :
Name of publisher, distributor, etc. Presses universitaires de France,
Date of publication, distribution, etc. 1958
300 ## - PHYSICAL DESCRIPTION
Other physical details viii, 27 páginas ;
Extent 12 x 18 cm.
505 0# - FORMATTED CONTENTS NOTE
Formatted contents note Generalites sur le droit fiscal -- Theorie genelale de l´impot -- L´impot en droit positif -- Le regime francais actuel -- L´application de la Loi fiscale
650 14 - SUBJECT ADDED ENTRY--TOPICAL TERM
Topical term or geographic name entry element Impuestos
9 (RLIN) 14803
Geographic subdivision Paris
650 24 - SUBJECT ADDED ENTRY--TOPICAL TERM
Topical term or geographic name entry element Administración y trámite tributario
Geographic subdivision Paris
9 (RLIN) 36756
650 24 - SUBJECT ADDED ENTRY--TOPICAL TERM
Topical term or geographic name entry element Finanzas públicas
Geographic subdivision Paris
9 (RLIN) 36757
942 ## - ADDED ENTRY ELEMENTS (KOHA)
Source of classification or shelving scheme Dewey Decimal Classification
Koha item type Books
Existencias
Withdrawn status Lost status Source of classification or shelving scheme Damaged status Not for loan Collection code Home library Current library Date acquired Source of acquisition Full call number Barcode Date last seen Koha item type
    Dewey Decimal Classification     Non-fiction Biblioteca Pública José María del Castillo y Rada Biblioteca Pública José María del Castillo y Rada 04/15/2018 Donación 336.2001 / B268s 430004117 05/16/2024 Books